Tiempo de silencio

Shranjeno v:
Bibliografske podrobnosti
Glavni avtor: Martín - Santos, Luis
Format: Knjiga
Jezik:Undetermined
Izdano: Barcelona, España Seix Barral 1962
Teme:
Oznake: Označite
Brez oznak, prvi označite!

MARC

LEADER 00000nam a2200000Ia 4500
008 170316s9999 xx 000 0 und d
040 |a cru BVZT 
090 |a 862 M-21t (fotocopia 
100 |a Martín - Santos, Luis 
245 |a Tiempo de silencio 
260 |a Barcelona, España 
260 |b Seix Barral 
260 |c 1962 
300 |a 222 páginas 
650 |a LITERATURA ESPAÑOLA 
650 |a NOVELA 
999 |c 10120  |d 10120 
942 |c 15 D  |h 862 M-21t (fotocopia  |2 z